Richerche sulla delagazione in diritto romano

Saved in:
Bibliografiske detaljer
Hovedforfatter: Sacconi, Giuseppina (Author)
Format: Bog
Sprog:italiensk
Udgivet: Milán Dott. A. Giuffrè 1971
Serier:Pubblicazioni dell'Istituto di Diritto Romano e dei Diritti dell'Oriente Mediterraneo, 43
Fag:
Tags: Tilføj Tag
Ingen Tags, Vær først til at tagge denne postø!

MARC

LEADER 00000nam a2200000 a 4500
001 UCR1251
003 CL-VaPUC
008 971212e19710000IT |||||||||||||||||ita|d
082 0 4 |a 340.5409  |b SAC  |2 21 
100 0 |a Sacconi, Giuseppina  |e author  |9 398285 
245 1 0 |a Richerche sulla delagazione in diritto romano 
300 |a 244 p 
942 |c BK 
945 |d 19971212 00:00:00  |a aolguin 
260 |a Milán  |b Dott. A. Giuffrè  |c 1971 
650 0 |a Derecho romano  |9 255930 
650 0 |a Derecho de las obligaciones   |9 328248 
650 0 |a Historia  |9 255047 
650 0 |a Obligaciones   |9 255578 
650 7 |a ESTIPULACION  |2 CL-VaPUC  |9 397647 
650 0 |a Prestaciones  |9 385168 
650 7 |a ESTRUCTURA  |2 CL-VaPUC  |9 355242 
650 7 |a CODICES  |2 CL-VaPUC  |9 375292 
650 7 |a NOVACION  |2 CL-VaPUC  |9 385222 
650 7 |a DELEGACION DE LAS OBLIGACIONES  |2 CL-VaPUC  |9 398286 
583 |a last modification  |c 19971212 00:00:00  |k Rodrigo Vera 
490 0 |a Pubblicazioni dell'Istituto di Diritto Romano e dei Diritti dell'Oriente Mediterraneo, 43 
999 |c 264726  |d 264724 
952 |0 0  |1 0  |4 0  |6 340_540900000000000_SAC_1971  |7 0  |8 DER_ROM  |9 295133  |a BIBDER  |b BIBDER  |d 2019-11-19  |i 1919342  |o 340.5409 SAC 1971  |p 1919342  |r 2019-11-19  |w 2019-11-19  |x Ubicación 4to piso  |y BK  |z Este recurso debe solicitarse con anticipación  |k DER